| 000 | 00000nam##2200000za#4500 |
| 001 | 9.607793 |
| 003 | CaOODSP |
| 005 | 20241120095144 |
| 007 | cr ||||||||||| |
| 008 | 150406|2014||||xxc|||||o f|0| 0 fre|d |
| 020 | |a978-0-660-22772-6 |
| 022 | |a1705-5814 |
| 040 | |aCaOODSP|bfre |
| 043 | |an-cn--- |
| 086 | 1 |aFo113-1/92-2014F-PDF |
| 110 | 1 |aCanada.|bRessources naturelles Canada. |bService canadien des forêts. |
| 245 | 13|aLa génomique au service de la lutte contre la tordeuse des bourgeons de l'épinette / |h[ressource électronique]|c[publié par le] Centre de foresterie des Laurentides. |
| 260 | |aQuébec - Québec : |bRessources naturelles Canada. |c2014. |
| 300 | |a2p.|bfigure, photographies |
| 490 | 1 |aL'éclaircie du Service canadien des forêts, Centre de foresterie des Laurentides|x1705-5814|v92 |
| 590 | |a15-02|b2015-01-09 |
| 775 | 08|tUsing genomics to control spruce budworm / |w(CaOODSP)9.580853 |
| 776 | 0#|tLa génomique au service de la lutte contre la tordeuse des bourgeons de l'épinette / |w(CaOODSP)9.629104 |
| 830 | #0|aL'éclaircie du Service canadien des forêts, Centre de foresterie des Laurentides,|x1705-5814|v92|w(CaOODSP)9.501099 |
| 856 | 40|ahttp://publications.gc.ca|qPDF|s3.60 Mo|uhttps://publications.gc.ca/collections/collection_2015/rncan-nrcan/Fo113-1-92-2014-fra.pdf|y92 |